这些5A景区在哪里?#28~31 Where are these 5A scenic spots located? - Statistics

General Stats
  • This quiz has been taken 72 times
  • The average score is 21 of 44
Answer Stats
景点 地市 % Correct
**孙中山故里旅游区 中山
88%
(湖北)**大峡谷景区 恩施
80%
(江苏)**花果山景区 连云港
70%
满洲里市中俄边境旅游区 呼伦贝尔
68%
平遥古城 晋中
68%
鸣沙山月牙泉风景名胜区 酒泉
68%
南浔古镇景区 湖州
65%
北极村旅游风景区 大兴安岭
65%
(江苏)**周恩来故里旅游景区 淮安
65%
瑞金共和国摇篮景区 赣州
63%
(云南)**世博园景区 昆明
62%
海南省**蜈支洲岛旅游区 三亚
60%
陕西省**太白山旅游景区 宝鸡
58%
**天台山景区 台州
58%
**腾冲市火山热海旅游区 保山
58%
**古田旅游区 龙岩
57%
**大丰中华麋鹿园景区 盐城
57%
(安徽)**方特旅游区 芜湖
53%
江津四面山景区 重庆
53%
三坊七巷景区 福州
50%
**云龙湖景区 徐州
48%
(宁夏)水洞沟文化遗址 银川
48%
剑门关风景区 广元
48%
荔波樟江风景名胜区 黔南
47%
四川省**仪陇朱德故里景区 南充
43%
**清东陵景区 唐山
43%
**神仙居景区 台州
40%
**和静巴音布鲁克景区 巴音郭楞
40%
(河北)**娲皇宫景区 邯郸
38%
(海南)槟榔谷黎苗文化旅游区 保亭
37%
(辽宁)**水洞景区 本溪
37%
敦化市六鼎山文化旅游区 延边
35%
(陕西)**金丝峡景区 商洛
33%
(湖南)东江湖风景旅游区 郴州
33%
长影世纪城旅游区 长春
32%
**噶尔古城景区 喀什
32%
**红旗渠-太行大峡谷旅游景区 安阳
32%
(安徽)**三河古镇景区 合肥
32%
(新疆)**喀拉峻景区 伊犁
30%
**新宁县崀山景区 邵阳
30%
安徽省**万佛湖景区 六安
28%
(广东)**海陵岛大角湾海上丝路旅游区 阳江
28%
(江西)**明月山旅游区 宜春
28%
(河南)**嵖岈山旅游景区 驻马店
25%
No matching quizzes found
Score Distribution
Percent of People with Each Score
Percentile by Number Answered
Your Score History
You have not taken this quiz